• 首页
  • 本馆介绍
  • 公告通知
  • 最新文献
  • 馆藏检索
  • 电子资源
  • 读者导购
  • 参考咨询
  • 我的图书馆
  • 登录
  • 详细信息显示
  • 放入我的书架
  • 预约/预借图书
  • 作者相关作品
  • 分类相关作品
  • 丛书相关作品
  • 出版社相关作品

书目信息

  • 表格格式
  • 工作单格式
  • 卡片格式
题名:
土木工程建设法规
    
 
作者: 吴胜兴 编
分册:  
出版信息: 北京   高等教育出版社  2017
页数: 241页
开本: 26cm
丛书名:
单 册:
中图分类: D922.297.1
科图分类:
主题词: 土木工程--建筑法--中国--高等教育--教材
电子资源:
ISBN: 978-7-04-047246-2
000 00987nam0 2200241 450
001 0104161177
005 20170616152107.0
010    @a978-7-04-047246-2@dCNY35.00
100    @a20170411d2017 em y0chiy0120 ea
101 0  @achi
102    @aCN@b110000
105    @ay z 000yy
106    @ar
200 1  @a土木工程建设法规@9Tu Mu Gong Cheng Jian She Fa Gui @f吴胜兴主编@b专著
210    @a北京@c高等教育出版社@d2017
215    @a241页@d26cm
300    @a“十二五”普通高等教育本科国家级规划教材 新世纪土木工程系列教材
330    @a本书共分3篇,第1篇重点介绍与工程建设有关的法,这是土木工程建设法规的核心;第2篇以土木工程建设全过程为主线,阐述各环节法规和规章,突出土木工程专业的特点;第3篇介绍建设法规的法律基础以及涉外工程建设法规和国外建设法规的概况,以适应经济全球化的需要。
606 0  @a土木工程@x建筑法@y中国@x高等教育@j教材
690    @aD922.297.1@v5
701  0 @a吴胜兴@f(1963~)@4编@9wu sheng xing
801  0 @aCN@bAZmarc@c20230904
905    @aBZT@dD922@e217@f1@sD922/217
    
    土木工程建设法规/吴胜兴主编.-北京:高等教育出版社,2017
    241页;26cm
    “十二五”普通高等教育本科国家级规划教材 新世纪土木工程系列教材
    
    ISBN 978-7-04-047246-2:CNY35.00
    本书共分3篇,第1篇重点介绍与工程建设有关的法,这是土木工程建设法规的核心;第2篇以土木工程建设全过程为主线,阐述各环节法规和规章,突出土木工程专业的特点;第3篇介绍建设法规的法律基础以及涉外工程建设法规和国外建设法规的概况,以适应经济全球化的需要。
●
相关链接 在五车中查询图书 在当当中查询图书 在豆瓣中查询图书


正题名:土木工程建设法规     索取号:D922/217         预约/预借

序号 登录号 条形码 馆藏地/架位号 状态 备注
1 2000004130   2000004130   旧书回溯/ [索取号:D922/217] 在馆    
山东省滨州职业学院图书馆 欢迎您!
大连网信软件有限公司© 版权所有